[Event "EYCC 2017"]
[Site "Mamaia"]
[Date "2017.09.14"]
[Round "9"]
[White "Georgescu, Lena"]
[Black "Avetisyan, Mariam"]
[Result "0-1"]
[WhiteElo "2246"]
[BlackElo "1976"]
[Annotator "TA"]
[PlyCount "82"]
[EventDate "2017.??.??"]
[EventType "swiss"]
[EventCountry "ROU"]
[SourceTitle "playchess.com"]
[Source "ChessBase"]
[SourceQuality "1"]

1. e4 {Program Activation Required} e6 2. d4 d5 3. Nc3 Bb4 4. exd5 exd5 5. Bd3 Nf6 6. Nge2 O-O 7. O-O c6 8. a3 {C01: Französische Verteidigung (Abtauschvariante)} (8. Bg5 h6 9. Bh4 Re8 10. f3 Nbd7 11. Qd2 Nf8 12. Rae1 Bd7 13. a3 Be7 14. Bf2 Ng6 15. Bg3 Nh5 16. Bxg6 fxg6 {½-½ (45) Anand,V (2770)-Caruana,F (2807) Saint Louis 2016}) 8... Bd6 9. Bf4 Bg4 10. f3 Bh5 11. Qd2 Bg6 12. Bxg6 hxg6 13. Be5 $146 ({Vorgänger:} 13. Rfe1 Na6 14. Be5 Qc7 15. Nf4 Rae8 {½-½ (25) Fressinet,L (2627)-Riazantsev,A (2599) Corsica 2005}) 13... Na6 14. Rad1 Re8 15. f4 Ng4 16. h3 Nh6 17. Bxd6 Qxd6 18. Ng3 Re7 19. Rde1 Rae8 20. Re5 f6 21. Rxe7 Rxe7 22. Rf2 Nc7 23. Qd3 Kf7 24. Nce2 Qd7 25. Kf1 Nb5 26. Rf3 Nd6 27. Re3 Nc4 28. Rxe7+ Qxe7 29. Qc3 Ne3+ 30. Kg1 Nd1 31. Qb3 Qe3+ 32. Qxe3 Nxe3 33. c3 Nc4 34. b3 Nxa3 35. Kf2 a5 36. Ke3 Nf5+ 37. Nxf5 gxf5 38. Kd2 Nb5 39. g4 Nd6 40. gxf5 Nxf5 41. Kc2 Kg6 0-1

[Event "EYCC 2017"]
[Site "Mamaia"]
[Date "2017.09.14"]
[Round "9"]
[White "Can, Isik"]
[Black "Lopez Varela, Pablo"]
[Result "1-0"]
[WhiteElo "2239"]
[BlackElo "1951"]
[Annotator "TA"]
[PlyCount "35"]
[EventDate "2017.??.??"]
[EventType "swiss"]
[EventCountry "ROU"]
[SourceTitle "playchess.com"]
[Source "ChessBase"]
[SourceQuality "1"]

{[%evp 18,35,42,19,252,222,220,215,333,324,484,484,2835,2675,2320,2250,1881,1858,1529,1481]} 1. e4 e5 2. Nf3 d6 3. d4 exd4 4. Nxd4 Nf6 5. Nc3 Be7 6. g3 d5 7. e5 Ng4 {C41: Philidor Defence} 8. Bg2 Nxe5 9. Qe2 Nec6 10. Be3 {LiveBook: 13 Games} Be6 $146 {[#]} (10... Nxd4 $11 11. Bxd4 O-O) ({Predecessor:} 10... O-O 11. Nxd5 Nxd4 12. Bxd4 Bb4+ 13. Nxb4 Qxd4 14. c3 Qc5 15. Nd5 {1-0 (33) Timofeev,A (2658)-Nisipeanu,L (2707) Skanderborg 2005}) 11. Nxe6 $18 fxe6 12. Qg4 Kf7 (12... d4 $142) 13. O-O-O ({Less strong is} 13. Bh3 Qd6 $16) 13... Qe8 (13... Nd7 $142 14. Nxd5 Bd6) 14. Nxd5 {White is clearly winning.} exd5 (14... Bd6 $142 15. Bf4 Na6 16. Nxc7 Bxc7) 15. Bxd5+ Kf8 16. Qf5+ Bf6 17. Bc5+ Ne7 18. Rhe1 1-0

[Event "EYCC 2017"]
[Site "Mamaia"]
[Date "2017.09.14"]
[Round "9"]
[White "Schneider, Jana"]
[Black "Ciocan, Maria-Alexandra"]
[Result "1-0"]
[WhiteElo "2231"]
[BlackElo "2015"]
[Annotator "TA"]
[PlyCount "57"]
[EventDate "2017.??.??"]
[EventType "swiss"]
[EventCountry "ROU"]
[SourceTitle "playchess.com"]
[Source "ChessBase"]
[SourceQuality "1"]

1. e4 {Program Activation Required} e6 2. d4 d5 3. Nd2 Nc6 4. Ngf3 Nf6 5. e5 Nd7 6. Bd3 Nb4 7. Be2 c5 8. c3 Nc6 9. O-O cxd4 10. cxd4 g6 {C04: Französische Verteidigung (Tarrasch-Variante)} (10... f6 11. exf6 Nxf6 12. Nb3 Bd6 13. Bg5 O-O 14. Bh4 Bd7 15. Bg3 Bxg3 16. hxg3 Ne4 17. Re1 Be8 18. Bd3 Bg6 19. Bxe4 dxe4 20. Nh4 Bf5 {1-0 (67) Rublevsky,S (2692)-Demidov,M (2507) Cheboksary 2016}) 11. Nb3 Bg7 12. Bg5 $146 ({Vorgänger:} 12. Be3 f6 13. exf6 Nxf6 14. Nc5 O-O 15. Ne5 Ne7 16. Bg5 b6 17. Ncd3 {0-1 (48) Altman,J (1650)-Anderton,D (2190) England 2014}) 12... f6 13. exf6 Nxf6 14. Bd3 Qb6 15. Re1 O-O 16. Qd2 a5 17. Rac1 Ng4 18. h3 a4 19. Nc5 Nxd4 20. hxg4 Rxf3 21. Be3 Rf8 22. Bxg6 Qa5 23. Bxh7+ Kh8 24. Qd3 b6 25. Bxd4 Bxd4 26. Qxd4+ Kxh7 27. Nb7 Qb5 28. Rc7+ Bd7 29. Nd6 1-0

[Event "EYCC 2017"]
[Site "Mamaia"]
[Date "2017.09.14"]
[Round "9"]
[White "Ileana, George"]
[Black "Martinovici, Ilie"]
[Result "1-0"]
[WhiteElo "2219"]
[BlackElo "2197"]
[Annotator "TA"]
[PlyCount "103"]
[EventDate "2017.??.??"]
[EventType "swiss"]
[EventCountry "ROU"]
[SourceTitle "playchess.com"]
[Source "ChessBase"]
[SourceQuality "1"]

1. e4 {Program Activation Required} e5 2. Nf3 Nc6 3. Bc4 Bc5 4. c3 Nf6 5. d3 d6 6. Nbd2 a6 7. Bb3 Ba7 8. O-O O-O 9. h3 h6 10. Re1 Be6 11. Nf1 d5 {C54: Italienische Partie (Hauptvariante)} (11... Re8 12. Be3 Bxe3 13. Nxe3 d5 14. exd5 Nxd5 15. d4 Nxe3 16. fxe3 Bxb3 17. Qxb3 Qd6 18. Rad1 exd4 19. cxd4 Qb4 {½-½ (27) Ponomariov,R (2709)-Mamedyarov,S (2762) Tashkent 2016}) 12. exd5 Nxd5 13. N1h2 Qd6 14. Ng4 Bxg4 15. hxg4 Rad8 {[#]} 16. Nh4 $146 ({Vorgänger:} 16. g5 h5 17. Qe2 Rd7 18. Bd2 Nde7 19. Bc2 {½-½ (42) Almasi,Z (2628)-Kortschnoj,V (2619) Paks 2005}) 16... Nde7 17. Nf5 Qxd3 18. Qxd3 Rxd3 19. Nxe7+ Nxe7 20. Rxe5 Ng6 21. Re4 c6 22. Kf1 Rdd8 23. g5 h5 24. Bc2 Rd5 25. Ke2 Rfd8 26. a4 a5 27. Ra3 Bc5 28. Rb3 b6 29. c4 R5d6 30. Rh3 h4 31. Rb3 Bd4 32. f4 Nf8 33. f5 g6 34. f6 Re6 35. Rh3 Rxe4+ 36. Bxe4 Re8 37. Rxh4 Nd7 38. Kf1 c5 39. Bc6 Rd8 40. b3 Ne5 41. Bd5 Nd3 42. Bd2 Re8 43. Rh3 Ne5 44. Rh6 Ng4 45. Rh4 Ne5 46. g3 Rd8 47. Bf4 Nd3 48. Rh6 Nxf4 49. gxf4 Be3 50. Rxg6+ Kf8 51. Rh6 Ke8 52. Bc6+ 1-0

[Event "EYCC 2017"]
[Site "Mamaia"]
[Date "2017.09.14"]
[Round "9"]
[White "Antolak, Julia"]
[Black "Gitu, Paula-Alexandra"]
[Result "1-0"]
[WhiteElo "2212"]
[BlackElo "1948"]
[Annotator "TA"]
[PlyCount "83"]
[EventDate "2017.??.??"]
[EventType "swiss"]
[EventCountry "ROU"]
[SourceTitle "playchess.com"]
[Source "ChessBase"]
[SourceQuality "1"]

1. e4 {Program Activation Required} d6 2. d4 Nf6 3. Nc3 e5 4. Nf3 Nbd7 5. Bc4 Be7 6. a4 c6 7. O-O O-O 8. h3 Qc7 9. Re1 b6 10. Be3 {C41: Philidor-Verteidigung} a6 11. Ba2 Bb7 12. Nh4 (12. Qd3 exd4 13. Bxd4 Ne5 14. Qe3 Nfd7 15. Ne2 Bf6 16. Nxe5 dxe5 17. Bc3 a5 18. Bc4 Nc5 19. Nc1 Rfe8 20. Nd3 Ne6 21. Qg3 Nf8 22. Rad1 Ng6 23. Qf3 {½-½ (23) Hracek,Z (2594)-Vajda,L (2596) Hungary 2016}) 12... g6 13. Nf3 exd4 14. Qxd4 c5 15. Qc4 Nh5 $146 ({Vorgänger:} 15... Nxe4 16. Bh6 Nxc3 17. Rxe7 Nxa2 18. Rxa2 Bxf3 19. Qc3 f6 20. Qxf3 Ne5 21. Qd5+ {1-0 (21) Iwanow,A (2312)-Kubicka,A (2171) Jastrzebia Gora 2015}) 16. Bh6 Ng7 17. Rad1 Bc6 18. Nd5 Bxd5 19. Qxd5 Nf6 20. Qd2 b5 21. axb5 axb5 22. Bd5 Nxd5 23. Qxd5 Rfd8 24. Nh2 Ne8 25. Qd2 Bf6 26. Ng4 Bxb2 27. c3 Ba3 28. Qg5 f6 29. Nxf6+ Nxf6 30. Qxf6 c4 31. Rd5 b4 32. cxb4 Bxb4 33. Rc1 c3 34. Qd4 Rab8 35. Rc2 Qf7 36. e5 Bc5 37. e6 Qa7 38. Qxc3 Re8 39. Re2 Rbc8 40. Qf6 Re7 41. Rd3 Rce8 42. Rf3 1-0

[Event "EYCC 2017"]
[Site "Mamaia"]
[Date "2017.09.14"]
[Round "9"]
[White "Manafov, Vugar"]
[Black "Zachary, Matheo"]
[Result "1/2-1/2"]
[WhiteElo "2204"]
[BlackElo "2325"]
[Annotator "TA"]
[PlyCount "59"]
[EventDate "2017.??.??"]
[EventType "swiss"]
[EventCountry "ROU"]
[SourceTitle "playchess.com"]
[Source "ChessBase"]
[SourceQuality "1"]

{[%evp 20,59,30,18,23,13,20,25,68,0,5,0,0,-20,-15,-11,-6,-20,0,0,0,0,0,-34,-34,-34,-34,-31,-33,-37,-37,-58,-14,-9,0,0,9,4,75,12,57,3]} 1. d4 d5 2. c4 c6 3. Nc3 Nf6 4. e3 Bf5 5. cxd5 cxd5 6. Qb3 Nc6 {D10: Slav Defence: 3 cxd5 (without early Nf3) and 3 Nc3} 7. Qxb7 Bd7 8. Qb3 Rb8 9. Qd1 e5 10. dxe5 Nxe5 11. Be2 {LiveBook: 31 Games} Bd6 12. Nf3 O-O 13. O-O Qe7 {[#]} 14. Qd4 $146 ({Reject} 14. Nxd5 Nxd5 15. Qxd5 Bc6 $15) (14. Nd4 $14) ({Find the theoretical novelty and annotate with similar games:} 14. Nd4) 14... Rfc8 $11 15. a3 Bc6 16. Nxe5 Bxe5 17. Qh4 Qc5 18. Rd1 Bxc3 19. bxc3 Ne4 20. Bg4 Re8 {[#] aiming for ...Ba4.} 21. a4 (21. Bf5 $5 {[%cal Rh4h7]} h6 22. Bxe4 Rxe4 23. Qh5 $11) 21... Qxc3 22. Ba3 Bxa4 23. Rdc1 Qd2 {And now ...g5 would win.} 24. Bf5 {[%csl Gf5][%cal Rh4h7] [#]} h6 $1 25. Qf4 {next Rc7 is good for White.} Rb3 {...Rxa3! is the strong threat.} 26. Bxe4 $1 $40 {[%mdl 128] White mounts an attack.} dxe4 27. Bc5 Rd3 28. Bxa7 Bc2 (28... Rd7 $11 29. Bb6 Bb5) 29. Qc7 ({White should try} 29. Qg4 $16) 29... Rc3 (29... Qc3 $5 {[%cal Rc3c7]} 30. Qf4 Qd2 $16) 30. Qb7 {Precision: White = 54%, Black = 44%.} ({White should play} 30. Qa5 $14) 1/2-1/2

[Event "EYCC 2017"]
[Site "Mamaia"]
[Date "2017.09.14"]
[Round "9"]
[White "Nordquelle, Daniel"]
[Black "Kosakowski, Jakub"]
[Result "0-1"]
[WhiteElo "2203"]
[BlackElo "2332"]
[Annotator "TA"]
[PlyCount "100"]
[EventDate "2017.??.??"]
[EventType "swiss"]
[EventCountry "ROU"]
[SourceTitle "playchess.com"]
[Source "ChessBase"]
[SourceQuality "1"]

{[%evp 18,100,9,-15,10,-14,-8,-17,-39,-72,-80,-83,-82,-83,-62,-79,-78,-307,-137,-154,-147,-206,-109,-119,-115,-107,-42,-121,-15,-41,-2,-51,-33,-115,-49,-49,-27,-32,0,-28,3,15,4,0,0,-18,0,-297,-294,-358,-357,-334,-326,-312,-172,-149,-63,-76,-75,-212,-219,-314,-318,-412,-406,-341,-163,-301,-161,-159,-152,-534,-421,-664,-593,-594,-502,-834,-821,-918,-875,-1615,-1026,-4606,-1693]} 1. e4 c5 2. Ne2 Nf6 3. Nbc3 d6 4. g3 g6 5. Bg2 Bg7 6. O-O Nc6 7. d3 O-O 8. h3 Rb8 9. f4 Nd7 10. g4 {LiveBook: 23 Games. B25: Closed Sicilian: 3 g3, lines without early Be3} (10. a4 a6 11. Nd5 e6 12. Ne3 Nd4 13. a5 b5 14. axb6 Nxb6 15. g4 Nxe2+ 16. Qxe2 f5 17. Kh1 d5 18. gxf5 gxf5 {0-1 (43) Swiercz,D (2608)-Areshchenko,A (2701) Lublin 2014}) 10... e6 11. Ng3 $146 ({Predecessor:} 11. f5 Nde5 12. Be3 b5 13. Qd2 b4 14. Nd1 Nd4 15. Nxd4 cxd4 16. Bh6 f6 17. Bxg7 Kxg7 {0-1 (50) Garcia Jimenez,F-Romero Garcia,M (2218) Seville 2000}) 11... b5 12. e5 {The position is equal.} b4 13. Bxc6 {[#] And now Nce4 would win.} bxc3 14. bxc3 dxe5 15. f5 exf5 16. gxf5 {[#]} e4 $1 {[%mdl 512]} 17. dxe4 $2 (17. Nxe4 $17 gxf5 18. Rxf5) (17. Bxe4 Bxc3) 17... Bxc3 (17... Qc7 $19 {and Black stays clearly on top.} 18. Bf4 Qxc6 19. Bxb8 Nxb8) 18. Bf4 $17 Rb6 ({Resist} 18... Bxa1 19. Qxa1 Qh4 20. Bxd7 $15) 19. Bd5 (19. Bxd7 $17 Bxd7 20. Rc1) 19... Ba6 (19... Bxa1 $19 20. Qxa1 Qh4) 20. Rf3 Bd4+ 21. Kg2 Qh4 ({Black should play} 21... Ne5 $17 22. Bxe5 Bxe5) 22. Qd2 (22. Qc1 $15 Bf6 23. Bc7) 22... Qe7 ({And not} 22... Bxa1 23. Bg5 $16) ({Black should try} 22... Ne5 $17 23. Bxe5 Bxe5) 23. c3 Bf6 24. Re1 Ne5 25. Bxe5 (25. fxg6 $15 hxg6 26. Bxe5 Bxe5 27. h4) 25... Qxe5 (25... Bxe5 $17 26. Qf2 Qh4 27. fxg6 Rxg6) 26. Qe3 Be7 $36 {[%mdl 2048] Black has some pressure.} 27. Kh1 Bb7 28. c4 Bxd5 (28... Kh8 {feels hotter.} 29. Ref1 g5 30. Qc3 Bf6 31. Qxe5 Bxe5 32. Kg2 f6) 29. exd5 Qxe3 30. Rfxe3 Bf6 31. Re8 Bd4 {White must now prevent ...Bf2.} (31... Bh4 $5 {[%cal Rh4g3]} 32. Kh2 Rxe8 33. Rxe8+ Kg7 $11) 32. R8e7 $2 {[%mdl 8192]} (32. Kg2 $11) 32... Bf2 $19 33. Kg2 Bxe1 34. Rxe1 {[%mdl 4096] Endgame KRR-KRN} Rb2+ 35. Kf3 Kg7 (35... Rxa2 36. Ne4 $19) (35... Rc2 $142 36. Re4 Rb8) 36. Ne4 Rc2 ({Better is} 36... Rxa2 $17 {...Rc2 is the strong threat.} 37. f6+ Kh6) 37. f6+ $1 $15 Kh6 38. Nd6 (38. Nxc5 $17 Rc8 39. Nd7) 38... Kg5 39. Re7 (39. Ne4+ $142 Kf5 40. Ke3) 39... Kxf6 $19 ({Much less strong is} 39... Rxa2 40. Ne4+ Kf5 41. Nxc5 $19) 40. Rxa7 Ke5 41. Nxf7+ Kd4 (41... Kf6 $142 42. Nd6 Rc3+ 43. Ke2 Rxh3 44. Ne4+ Ke5 45. Nxc5 Re8) 42. Re7 (42. d6 {is a better defense.}) 42... Kxc4 (42... Rxa2 $142 43. d6 Kxc4) 43. d6 Rxa2 44. Kg4 $2 (44. Ke3 $17 {nothing else works.}) 44... Rg2+ {Black is clearly winning.} 45. Kh4 (45. Kf3 $142 Rd2 46. d7) 45... Rd2 46. d7 Rd5 47. d8=Q (47. Kg4 $142 h5+ 48. Kg3) 47... Rfxd8 48. Nxd8 Rxd8 49. Rxh7 Kd3 50. Rc7 Rd5 {Precision: White = 20%, Black = 29%.} 0-1

[Event "EYCC 2017"]
[Site "Mamaia"]
[Date "2017.09.14"]
[Round "9"]
[White "Morgunov, Marc"]
[Black "Popov, Konstantin"]
[Result "1-0"]
[WhiteElo "2199"]
[BlackElo "2141"]
[Annotator "RC"]
[PlyCount "119"]
[EventDate "2017.??.??"]
[EventType "swiss"]
[EventCountry "ROU"]
[SourceTitle "playchess.com"]
[Source "ChessBase"]
[SourceQuality "1"]
[TimeControl "40/5400+30:1800+30"]

1. e4 {[%emt 0:00:00]} c5 {[%emt 0:00:10]} 2. Nf3 {[%emt 0:00:00]} d6 {[%emt 0:00:12]} 3. d3 {[%emt 0:00:31]} Nc6 {[%emt 0:02:22]} 4. g3 {[%emt 0:00:19]} g6 {[%emt 0:00:50]} 5. Bg2 {[%emt 0:00:06]} Bg7 {[%emt 0:00:17]} 6. O-O {[%emt 0:00:07]} e6 {[%emt 0:01:59]} 7. Re1 {[%emt 0:00:09]} Nge7 {[%emt 0:00:20]} 8. c3 {[%emt 0:00:23]} O-O {[%emt 0:01:24]} 9. d4 {[%emt 0:00:56]} cxd4 {[%emt 0:00:48]} 10. cxd4 {[%emt 0:00:07]} d5 {[%emt 0:00:42]} 11. e5 {[%emt 0:00:05]} b6 {[%emt 0:00:23]} 12. Nc3 {[%emt 0:05:14]} Bd7 {[%emt 0:05:07]} 13. Bf4 {[%emt 0:08:14]} Rc8 {[%emt 0:04:36]} 14. Qd2 {[%emt 0:03:40]} Na5 {[%emt 0:01:09]} 15. b3 {[%emt 0:03:48]} b5 {[%emt 0:13:18]} 16. Nd1 {[%emt 0:10:43]} Nac6 {[%emt 0:08:34]} 17. Ne3 {[%emt 0:03:14]} Nf5 {[%emt 0:13:12]} 18. Nxf5 {[%emt 0:07:53]} exf5 {[%emt 0:00:10]} 19. Bh6 {[%emt 0:03:21]} Be6 {[%emt 0:07:54]} 20. Bxg7 {[%emt 0:04:04]} Kxg7 {[%emt 0:00:04]} 21. Rec1 {[%emt 0:05:33]} Qb6 {[%emt 0:05:13]} 22. b4 {[%emt 0:10:33]} a5 {[%emt 0:00:48]} 23. a3 {[%emt 0:00:16]} axb4 {[%emt 0:11:06]} 24. axb4 {[%emt 0:00:34]} Ra8 {[%emt 0:00:29]} 25. Bf1 {[%emt 0:03:32]} f4 {[%emt 0:17:18]} 26. Qxf4 {[%emt 0:05:33]} Nxb4 {[%emt 0:01:19]} 27. Rab1 {[%emt 0:01:43]} Ra4 {[%emt 0:01:42]} 28. Qf6+ {[%emt 0:00:14]} Kg8 {[%emt 0:00:09]} 29. Rc5 {[%emt 0:00:13]} Na2 {[%emt 0:02:37]} 30. Bxb5 {[%emt 0:05:08]} Ra3 {[%emt 0:00:17]} 31. Bd3 {[%emt 0:10:51]} Qd8 {[%emt 0:00:43]} 32. Qxd8 {[%emt 0:00:08]} Rxd8 {[%emt 0:00:00]} 33. Ne1 {[%emt 0:01:20]} Rda8 {[%emt 0:00:58]} 34. f4 {[%emt 0:01:32]} R8a4 {[%emt 0:00:35]} 35. Bb5 {[%emt 0:00:44]} Ra5 {[%emt 0:00:39]} 36. Be2 {[%emt 0:02:28]} Rxc5 {[%emt 0:00:22]} 37. dxc5 {[%emt 0:00:05]} Nc3 {[%emt 0:00:11]} 38. Rb8+ {[%emt 0:00:06]} Kg7 {[%emt 0:00:01]} 39. Bd3 {[%emt 0:00:46]} Ra7 {[%emt 0:01:17]} 40. Rb3 {[%emt 0:00:00]} d4 {[%emt 0:00:01]} 41. Rb4 {[%emt 0:01:18]} Rc7 {[%emt 0:00:28]} 42. Nf3 {[%emt 0:06:49]} Rxc5 {[%emt 0:11:33]} 43. Nxd4 Bg4 {[%emt 0:00:42]} 44. Bc4 {[%emt 0:07:57]} Nd1 {[%emt 0:02:39]} 45. Bb3 {[%emt 0:02:01]} Rc1 {[%emt 0:11:12]} 46. Rb7 {[%emt 0:04:42]} Nc3+ {[%emt 0:02:29]} 47. Kg2 {[%emt 0:01:27]} Rb1 {[%emt 0:00:27]} 48. Rxf7+ {[%emt 0:01:25]} Kh6 {[%emt 0:00:13]} 49. h3 {[%emt 0:01:24]} Rb2+ {[%emt 0:00:08]} 50. Bc2 {[%emt 0:00:16]} Bd1 {[%emt 0:01:45]} 51. g4 {[%emt 0:00:27]} Ne4 {[%emt 0:00:31]} 52. g5+ {[%emt 0:01:16]} Nxg5 {[%emt 0:00:02]} 53. fxg5+ {[%emt 0:00:06]} Kxg5 {[%emt 0:00:07]} 54. Rf2 {[%emt 0:00:13]} Bxc2 {[%emt 0:00:24]} 55. Nxc2 {[%emt 0:00:05]} Rb5 {[%emt 0:00:21]} 56. Re2 {[%emt 0:00:06]} Rb7 {[%emt 0:00:06]} 57. Nd4 {[%emt 0:00:11]} Re7 {[%emt 0:00:03]} 58. e6 {[%emt 0:00:28]} Kf6 {[%emt 0:00:15]} 59. Rf2+ Kg7 {[%emt 0:00:10]} 60. Kf3 {[%emt 0:00:26]} 1-0

[Event "EYCC 2017"]
[Site "Mamaia"]
[Date "2017.09.14"]
[Round "9"]
[White "Kanakova, Natalie"]
[Black "Sieber, Fiona"]
[Result "1-0"]
[WhiteElo "2186"]
[BlackElo "2248"]
[Annotator "TA"]
[PlyCount "69"]
[EventDate "2017.??.??"]
[EventType "swiss"]
[EventCountry "ROU"]
[SourceTitle "playchess.com"]
[Source "ChessBase"]
[SourceQuality "1"]

{[%evp 33,69,25,25,34,62,24,53,73,35,57,138,142,448,431,447,441,2191,1992,2574,2556,1705,854,851,804,12811,5481,12837,12837,12837,12837,29985,29986,29995,29996,29996,12839,29997,29998]} 1. e4 c5 2. Nf3 d6 3. d4 cxd4 4. Nxd4 Nf6 5. Nc3 Nc6 6. Bg5 e6 7. Qd2 a6 8. O-O-O Bd7 9. f4 b5 10. Bxf6 gxf6 11. Kb1 Qb6 12. Nxc6 Bxc6 13. f5 h5 {B67: Sicilian: Richter-Rauzer: 7...a6 8 0-0-0 Bd7, lines without 9 f4 Be7} (13... b4 14. Ne2 e5 15. Ng3 Qc5 16. Nh5 Ke7 17. Bd3 Rg8 18. h4 Rd8 19. Qe2 Bh6 20. Rhe1 a5 21. g4 {0-1 (42) Saric,I (2609)-Kozul,Z (2631) Valpovo 2017}) 14. fxe6 fxe6 15. Bd3 b4 16. Ne2 Bh6 17. Qe1 Ke7 {LiveBook: 3 Games} 18. Rf1 Rag8 19. g3 {[#]} ({Reject} 19. Qh4 Bg5 $15) (19. Bc4 $5 {[%cal Re2d4]} Qc5 20. Bxe6 Kxe6 21. Rf5 $11) 19... Qc5 $146 ({Predecessor:} 19... h4 20. Bc4 Be3 {½-½ (21) Mueller Alves,M (2339)-Szczepanski,Z (2523) LSS email 2009}) 20. Nf4 Bxf4 21. gxf4 a5 {[#]} ({Better is} 21... h4 $1 $14) 22. e5 $1 $16 {[%mdl 512]} dxe5 $2 {[%mdl 8192]} (22... fxe5 $16 23. Qh4+ Kd7) 23. fxe5 $18 Qxe5 {[#]} 24. Qf2 $1 Rh6 (24... Rd8 $142 25. Rde1 Qd4) 25. Qa7+ Bd7 26. Bc4 Rd8 27. Bxe6 Qxe6 28. Rfe1 f5 29. Qc5+ Kf7 30. Rxe6 Rxe6 31. Qxf5+ Ke7 32. Qh7+ Ke8 33. Qg8+ Ke7 34. Qg7+ Ke8 35. Rf1 {Precision: White = 82%, Black = 21%.} 1-0

[Event "EYCC 2017"]
[Site "Mamaia"]
[Date "2017.09.14"]
[Round "9"]
[White "Gueci, Tea"]
[Black "Asatryan, Sona"]
[Result "1/2-1/2"]
[WhiteElo "2181"]
[BlackElo "2043"]
[Annotator "TA"]
[PlyCount "92"]
[EventDate "2017.??.??"]
[EventType "swiss"]
[EventCountry "ROU"]
[SourceTitle "playchess.com"]
[Source "ChessBase"]
[SourceQuality "1"]

{[%evp 22,92,27,16,39,31,43,23,28,12,4,8,24,14,18,4,0,-28,-21,-50,-60,-45,-52,-109,-110,-110,-91,-158,-152,-170,-159,-209,-80,-112,-68,-63,-66,-74,-19,-19,-21,-23,-16,-68,-30,-28,-43,-79,-71,-279,-271,-248,-124,-134,-111,-110,-72,-72,-72,-124,-124,-124,-124,-124,-124,-124,-124,-151,-151,-151,-131,-259,-152]} 1. e4 e5 2. Nf3 Nc6 3. Bb5 {[%cal Bf1b5,Bb5a4,Ba4b3][%mdl 32]} a6 4. Ba4 Nf6 5. O-O Be7 6. d3 {[%cal Bd2d3,Bd3d4][%mdl 32]} b5 7. Bb3 d6 8. a4 Bd7 9. c3 {C84: Closed Ruy Lopez: Unusual White 6th moves} Na5 10. Bc2 c5 11. d4 Qb8 12. Bg5 {LiveBook: 10 Games} Bg4 $146 ({Predecessor:} 12... h6 13. Bh4 Be6 14. Nbd2 O-O 15. h3 Rc8 16. Bg3 cxd4 17. cxd4 {½-½ (57) Giri,A (2772)-Ding,L (2777) Wenzhou 2017}) 13. h3 Bh5 14. Nbd2 O-O 15. Re1 cxd4 16. cxd4 Rc8 17. g4 Bg6 18. Bd3 Nc4 19. Qb1 (19. Bxc4 $5 bxc4 20. Rc1 $11) 19... h6 20. Bh4 Nxd2 21. Nxd2 Nxe4 22. Nxe4 (22. Nf3 $15 Bxh4 23. Bxe4 Bxe4 24. Qxe4) 22... Bxh4 $17 23. dxe5 dxe5 24. axb5 ({White should try} 24. Nc3) 24... axb5 25. Rxa8 Qxa8 26. Bxb5 Qa5 (26... Qa7 $19 {and Black stays clearly on top.} 27. Re3 Qd4) 27. Bd3 Bxe4 28. Bxe4 Qd2 29. Rf1 Rb8 (29... Rc4 $17 30. Qd3 Bxf2+ $1 {[%mdl 512]} 31. Kg2 Qxd3 32. Bxd3 Rd4) 30. b3 $11 Qc3 31. Bd5 Rd8 $36 {[%mdl 2048] Black is more active.} (31... Qd4 $5 {[%cal Rd4d5]} 32. Qd1 Qc3 $15) 32. Bc4 (32. Qe4 $11) 32... Qxh3 {( -> ...Bg3!)} 33. Qf5 Bf6 {Threatens to win with ...Rd4.} 34. Qg6 Rd7 $1 35. Qf5 $2 (35. Ra1 $17) 35... Rd4 $19 36. Be2 {[#]} Qxb3 (36... Rf4 $1 $19 {[%cal Rf4f5]} 37. Qc8+ Kh7) 37. Rb1 Qe6 38. Rb8+ Rd8 39. Rxd8+ Bxd8 40. Qe4 (40. Qxe6 $142 fxe6 41. Bc4) 40... g6 $17 41. Bc4 Qf6 42. Kg2 Kg7 43. Be2 Bb6 44. Bf3 Bd4 45. Qe2 Qh4 46. Be4 {[#]} (46. Bb7 $17 {keeps fighting.}) 46... Qg5 {Precision: White = 40%, Black = 36%.} (46... Bxf2 $1 $19 {[%mdl 512]} 47. Qf3 (47. Qxf2 Qxg4+) 47... Ba7) 1/2-1/2

[Event "EYCC 2017"]
[Site "Mamaia"]
[Date "2017.09.14"]
[Round "9"]
[White "Ponomarev, Grigori"]
[Black "Muradyan, Robert"]
[Result "1/2-1/2"]
[WhiteElo "2165"]
[BlackElo "1846"]
[Annotator "TA"]
[PlyCount "99"]
[EventDate "2017.??.??"]
[EventType "swiss"]
[EventCountry "ROU"]
[SourceTitle "playchess.com"]
[Source "ChessBase"]
[SourceQuality "1"]

1. e4 {Program Activation Required} Nf6 2. Nc3 e5 3. g3 Nc6 4. Bg2 Bc5 5. Nf3 d6 6. d3 a6 7. O-O h6 8. Be3 {C26: Wiener Partie} Bxe3 9. fxe3 Bg4 10. Qd2 Bxf3 11. Rxf3 Ne7 12. Ne2 $146 ({Vorgänger:} 12. Raf1 h5 13. h4 Neg8 14. Bh3 c6 15. d4 Nh6 {0-1 (37) Najer,E (2682)-Volokitin,A (2659) Germany 2008}) 12... O-O 13. Raf1 c6 14. h3 d5 15. exd5 cxd5 16. g4 Rc8 17. Ng3 Qc7 18. Rxf6 gxf6 19. e4 Qb6+ 20. Kh1 f5 21. exf5 Qf6 22. Nh5 Qg5 23. Qe1 f6 24. Qb4 Rf7 25. Qxb7 Rxc2 26. Qa8+ Kh7 27. Qe8 Qg8 28. Nxf6+ Rxf6 29. Qxe7+ Qg7 30. Qxe5 h5 31. Rf4 Rc1+ 32. Kh2 hxg4 33. Rxg4 Qc7 34. Qxc7+ Rxc7 35. Bxd5 Rc2+ 36. Rg2 Rxg2+ 37. Kxg2 Kg7 38. Be6 Rf8 39. Kf3 Kf6 40. h4 Rh8 41. Kg4 Rd8 42. Bc4 Rd4+ 43. Kg3 a5 44. Kf3 Kxf5 45. Ke3 Rxh4 46. Kd2 Ke5 47. Kc3 Rh1 48. Kb3 Kd4 49. Ka3 Rh2 50. Kb3 1/2-1/2